Antonyms Quiz - Statistics

General Stats
  • This quiz has been taken 251 times
  • The average score is 20 of 24
Answer Stats
Hint Answer % Correct
Hot Cold
100%
Young Old
100%
Wet Dry
97%
South North
96%
Long Short
96%
Night Day
95%
Quick Slow
95%
Soft Hard
93%
Found Lost
93%
Wealthy Poor
93%
Cheap Expensive
92%
Sour Sweet
90%
Ceiling Floor
89%
Loud Quiet
86%
Close Far
85%
Peace War
85%
Rural Urban
84%
Upset Happy
80%
Sunny Cloudy
79%
Messy Clean
74%
Canine Feline
69%
Broken Fixed
64%
Mountain Valley
63%
Wide Thin
43%
No matching quizzes found
Score Distribution
Percent of People with Each Score
Percentile by Number Answered
Your Score History
You have not taken this quiz